00698nam a2200217 i 450000100060000000300090000600500170001500700030003200800410003502000180007610000240009424501550011826000300027330000220030349000130032560000400033870000250037870000320040383000130043585200320044883749ES-MaACL20250522163655.0t|041118s1971 fr ||||1| fre d a2-02-002057-21 aJarocinski, Stefan.10aDebussy b: impressionnisme et symbolisme / cStefan Jarocinski ; traduit du polonais par Thérèse Douchy ; préface de Vladimir Janlélévitch. aParis : bSeuil, c[1971] a197 p. ; c21 cm.1 aMusiques17aDebussy, Claude, d1862-19182embne1 aDouchy, Thérèse.1 aJankélévitch, Vladimir.0 aMusiques aES-MaACLjG-2881 bR.114470